[Event "Oberliga Ost-B 1819"]
[Site "Germany"]
[Date "2019.03.24"]
[Round "9.1"]
[White "Henrich, Thomas"]
[Black "Schmidt Schaeffer, Sebastian"]
[Result "0-1"]
[WhiteElo "2210"]
[BlackElo "2357"]
[PlyCount "160"]
[EventDate "2018.10.21"]
[EventType "team-tourn"]
[EventRounds "11"]
[EventCountry "GER"]
[SourceTitle "EXT 2020"]
[Source "ChessBase"]
[SourceDate "2019.10.17"]
[SourceVersion "1"]
[SourceVersionDate "2019.10.17"]
[SourceQuality "1"]
[WhiteTeam "Marburg"]
[BlackTeam "Naumburg"]
[WhiteTeamCountry "GER"]
[BlackTeamCountry "GER"]

1. d4 f5 2. Bg5 g6 3. e3 Nh6 4. h4 Nf7 5. c4 Bg7 6. Nc3 d6 7. Nf3 h6 8. Bf4 e5 9. Bg3 0-0 10. Qb3 f4 11. Bh2 fxe3 12. fxe3 exd4 13. exd4 Re8+ 14. Be2 Bxd4 15. h5 Bxc3+ 16. Qxc3 Bf5 17. hxg6 Bxg6 18. Bf4 Nc6 19. Bxh6 Nce5 20. Nxe5 Rxe5 21. Bf4 Re4 22. Bh6 Ne5 23. Kd2 Qe7 24. Rae1 Re8 25. Qg3 Qf7 26. Rhf1 Rd4+ 27. Kc1 Rxc4+ 28. Bxc4 Qxc4+ 29. Qc3 Qxa2 30. Rd1 Qa1+ 31. Kd2 Qa4 32. Rf4 Qb5 33. Rg4 Re6 34. Kc1 c6 35. b3 Qe2 36. Rg3 Qe4 37. Rdd3 Nxd3+ 38. Rxd3 Re5 39. Re3 Qb1+ 40. Kd2 Qa2+ 41. Kd1 Qb1+ 42. Kd2 Qa2+ 43. Kd1 Qxg2 44. Rxe5 dxe5 45. Be3 Qd5+ 46. Ke1 b6 47. Kf2 Kf7 48. b4 Bf5 49. Qa3 Qd7 50. Qa1 Qe7 51. Qa2+ Be6 52. Qa3 Qh4+ 53. Ke2 Bg4+ 54. Kd2 Qd8+ 55. Kc3 Qd7 56. Kb2 Bf5 57. Qa2+ Be6 58. Qa6 Ke8 59. Qe2 Qd5 60. Qh5+ Bf7 61. Qg5 Kd7 62. Kc1 Qe4 63. Kd1 Qxb4 64. Qf5+ Be6 65. Qh7+ Qe7 66. Qh8 Bb3+ 67. Ke1 Kc7 68. Qa8 Qh4+ 69. Kd2 Qb4+ 70. Ke2 Bc4+ 71. Kf2 Qb2+ 72. Kg3 Qa3 73. Kf2 Qa2+ 74. Kg3 Bd5 75. Bf2 Qa3+ 76. Kh4 Qe7+ 77. Kg4 Qd7+ 78. Kg3 Qg7+ 79. Kh4 Qf6+ 80. Kh3 Qxf2 0-1

[Event "Oberliga Ost-B 1819"]
[Site "Germany"]
[Date "2019.03.23"]
[Round "8.1"]
[White "Strache, Michael"]
[Black "Henrich, Thomas"]
[Result "1-0"]
[WhiteElo "2255"]
[BlackElo "2210"]
[PlyCount "75"]
[EventDate "2018.10.21"]
[EventType "team-tourn"]
[EventRounds "11"]
[EventCountry "GER"]
[SourceTitle "EXT 2020"]
[Source "ChessBase"]
[SourceDate "2019.10.17"]
[SourceVersion "1"]
[SourceVersionDate "2019.10.17"]
[SourceQuality "1"]
[WhiteTeam "Sangerhausen"]
[BlackTeam "Marburg"]
[WhiteTeamCountry "GER"]
[BlackTeamCountry "GER"]

1. c4 e6 2. g3 d5 3. Bg2 c6 4. Qc2 Nf6 5. Nf3 Be7 6. 0-0 Nbd7 7. d4 0-0 8. Rd1 Ne4 9. Nbd2 Ndf6 10. Ne5 Nd6 11. b3 Bd7 12. Bb2 Rc8 13. Rac1 b6 14. Qd3 Rc7 15. c5 bxc5 16. dxc5 Nb7 17. b4 Qb8 18. Nb3 Be8 19. Qd4 a5 20. bxa5 Qa7 21. Qc3 Bd7 22. Rd4 Ra8 23. Ra4 Qa6 24. Bf1 Bf8 25. e3 Qa7 26. Bd3 Nd8 27. Rh4 h6 28. Rxh6 gxh6 29. Nxd7 Rxd7 30. Qxf6 d4 31. Bxd4 Rxd4 32. Qxd4 Bg7 33. Qe4 f5 34. Qc4 Kh8 35. e4 Nf7 36. exf5 Ne5 37. Qe4 Qd7 38. Rd1 1-0